Quiz Minecraft 1 (1.18) - Statistiques

Statistiques générales
  • Ce quiz a été pris 127 fois
  • Le résultat moyen est 46 sur 120
Statistiques - réponses
Enchantement / Enchantment % Correct
Diamond / Diamant
89%
Gold / Or
88%
Iron / Fer
88%
Coal / Charbon
82%
Emerald / Emeraude
80%
Redstone
80%
Sword / Epée
80%
Pickaxe / Pioche
79%
Helmet / Casque
78%
Axe / Hache
76%
Boots / Bottes
74%
Chestplate / Plastron
74%
Copper / Cuivre
71%
Lapis Lazuli
70%
Sharpness / Tranchant
70%
Protection
69%
Nether Quartz / Quartz
67%
Shovel / Pelle
67%
Hoe / Houe
65%
Netherite
65%
Mending / Raccommodage
60%
Block of Iron / Bloc de fer
56%
Fire Aspect / Aura de feu
54%
Unbreking / Solidité
54%
Spider Eye / Oeil d'araignée
53%
Flame / Flamme
51%
Efficiency / Efficacité
48%
Blaze Powder / Poudre de blaze
45%
Block of Gold / Bloc d'or
45%
Fire Protection / Protection contre le feu
45%
Power / Puissance
45%
Knockback / Recul
44%
Infinity / Infinité
42%
Anvil / Enclume
41%
Smite / Châtiment
41%
Sugar / Sucre
41%
Blast Protection / Protection contre les explosions
40%
Golden Apple / Pomme dorée
40%
Gold Nugget / Pépite d'or
38%
Fortune
37%
Iron Door / Porte
37%
Respiration / Apnée
37%
Projectile Protection / Protection contre les explosions
36%
Thorns / Epines
36%
Golden Carrot / Carotte dorée
35%
Punch / Frappe
35%
Gunpowder / Poudre à canon
33%
Bane of Arthropods / Fléau des arthropodes
32%
Pressure Plate / Plaque de pression
32%
Feather Falling / Chute amortie
31%
Looting / Butin
31%
Shield / Bouclier
31%
Amethyst / Améthyste
30%
Bucket / Sceau
30%
Leggings / Jambières, Pantalon
30%
Leggings / Jambières ; pantalon
30%
Rail / Rails
29%
Nether Wart / Verrues du Nether
27%
Silk Touch / Toucher de soie
27%
Aqua Affinity / Affinité aquatique
25%
Curse of Vanishing / Ghast Tear / Malédiction de disparition
25%
Iron nuggets / Pépites de fer
25%
Compass / Boussole
24%
Fermented Spider Eye / Oeil d'araignée fermenté
24%
Rabbit's Foot / Patte de lapin
23%
Depth Strider / Agilité aquatique
22%
Flint and Steel / Briquet
22%
Shears / Cisaille
22%
Soul Speed / Agilité des âmes
22%
Frost Walker / Semelles givrantes
21%
Iron Bars / Barreaux
21%
Luck of the sea / Chance de la mer
21%
Clock / Montre
20%
Iron Trapdoor / Trappe
20%
Curse of Binding / Malédiction du lien éternel
19%
Minecart / Wagon
19%
Sweeping Edge / Affilage
19%
Loyalty / Loyauté
18%
Channeling / Canalisation
16%
Multishot / Tir multiple
16%
Magma Cream / Crème de magma
15%
Piston
15%
Blast Furnace / Haut fourneau
14%
Chain / Chaîne
14%
Hooper / Entonnoir
14%
Lure / Appât
14%
Glistering Melon / Pastèque scintillante
13%
Piercing / Perforation
13%
Cauldron / Chaudron
12%
Powered Rail / Rail de propulsion
11%
Impaling / Empalement
10%
Lantern / Lanterne
10%
Riptide / Impulsion
10%
Stonecutter / Tailleur de pierre
10%
Quick Charge / Charge rapide
9%
Netherite Ingot / Lingot de netherite
5%
Pufferfish / Poisson-globe
5%
Smithing Table / Table de forgeron
4%
Trip Hook / Crochet
4%
Turtle Shell / Carapace de tortue
4%
Crossbow / Arbalète
3%
Phantom Membrane / Membrane de phantom
3%
Activator Rail / Rails déclencheurs
2%
Detector Rail / Rails détecteurs
2%
Dragon's Breath / Souffle de dragon
2%
Lantern of souls / Lanterne des âmes
0%
Aucun quiz correspondant
Distribution des résultats
% des personnes avec chaque résultat
Percentile par nombre de réponses
Votre historique - résultats
Vous n’avez pas pris ce quiz